| 000 | 00675cam a2200265 4500 | ||
|---|---|---|---|
| 008 | 090401t1997 xxu||||| |||| 00| 0 eng d | ||
| 020 | _a0333719808 | ||
| 035 | _a(Sirsi) u82529 | ||
| 041 | _aeng | ||
| 050 | _a346.4102 | ||
| 100 | _aMcKendrick, Ewan | ||
| 245 | _aContract law. | ||
| 250 | _a3rd ed. | ||
| 260 |
_aBasingstoke, Hants _bMacMillan Press _c1997 |
||
| 300 | _axxxix,415p. ; 21cm. | ||
| 350 | _a9.99 | ||
| 490 | _aMacmillan Law Masters | ||
| 520 | _aSuperceded by fifth edition. ISBN: 1403912254. | ||
| 650 | _aBREACH OF CONTRACT | ||
| 650 | _aCONTRACT LAW | ||
| 650 |
_aContracts _96232 |
||
| 690 | _aLAW | ||
| 942 | _n0 | ||
| 948 | _c05/12/1997 | ||
| 999 |
_c96796 _d96796 |
||